LEADER 00862nam a2200241 i 4500 001 000000043169 003 CaOOAMICUS 005 20090806000000.0 008 090806s1959 it u000 u ita u 013 $a14339 040 $aSeMil$bita 100 1 $aPiolanti, Antonio,$c.$0(OLS)http://semarc/name/121 245 12$aL'eucaristia /$cAntonio Piolanti. 250 $a2. ed. riveduta. 260 $aRoma :$bStudium,$c1959. 300 $a170 p. ;$c19 cm. 490 0 $aProfili e sintesi 650 4$aEucaristia.$0(OLS)http://semarc/subject/3487 830 0$aProfili e sintesi.$0(OLS)http://semarc/title/6857 850 $aSeMil 852 $aSeMil$W1$xVenegono$y1$m2B I 437$j9324$B9324$CSeMilBibl$Z2$F9324 $81 996 $6245$aL'eucaristia$9(OLS)http://semarc/title/45850 996 $6260$aRoma :$bStudium$9(OLS)http://semarc/publisher/29617 LEADER 00692nam a2200205 i 4500 001 000000086274 003 CaOOAMICUS 005 20180830150007.0 008 180830s1964 xx u000 u und u 013 $a58514 040 $aSeMil$bita 100 1 $aSpirito, Ugo <1896-1979>.$0(OLS)http://semarc/name/1366 245 13$aIl comunismo. 260 $aFirenze :$bSansoni,$c1964. 300 $a431 p. 650 4$aComunismo.$0(OLS)http://semarc/subject/9741 850 $aSeMil 852 $aSeMil$W1$xVenegono$y1$m66 5 6 *$j50002$B50002$CSeMilBibl$Z2$F53873 $81 996 $6245$aIl comunismo$9(OLS)http://semarc/title/93679 996 $6260$aFirenze :$bSansoni$9(OLS)http://semarc/publisher/29843